000 00599nam a2200217 a 4500
001 BRCA_7173
005 20190320205734.0
008 130112s1916----nyua######---#000-0#eng-#
041 _aeng
044 _anyu
050 4 _aG232
_b.V36 1916
100 1 _aVan Loon, Hendrik Willem
_d1882-1944
_917787
245 1 0 _aThe golden book of the Dutch navigators
_cHendrik Willem van Loon.
260 _aNueva York
_bCentury
_c1916
300 _a333 p.
_bil.
_c21 cm.
500 _aP58
650 1 4 _aExploradores holandeses
_917788
650 1 4 _aViajes y travesias
_94701
902 _aGFM
942 _2lcc
_cB
999 _c6854
_d6854